Cómo resolver los problemas de aprendizaje y estudio de sus hijos / (Record no. 10583)

MARC details
000 -CABECERA
campo de control de longitud fija 00666nam a2200205 a 4500
005 - FECHA Y HORA DE LA ÚLTIMA TRANSACCIÓN
campo de control 20240910064255.0
008 - ELEMENTOS DE LONGITUD FIJA--INFORMACIÓN GENERAL
campo de control de longitud fija 991125s1991 chi 000 0 spa u
020 ## - NÚMERO INTERNACIONAL NORMALIZADO PARA LIBROS
Número Internacional Estándar del Libro 0944499309
035 ## - NÚMERO DE CONTROL DEL SISTEMA
Número de control de sistema UPN01000010583
049 ## - COLECCIÓN
Colección CG
050 #4 - SIGNATURA TOPOGRÁFICA DE LA BIBLIOTECA DEL CONGRESO
Número de clasificación LB1048.5
Número de documento/Ítem C6.5
245 00 - MENCIÓN DE TÍTULO
Título Cómo resolver los problemas de aprendizaje y estudio de sus hijos /
Mención de responsabilidad, etc. dir. María Eloísa Alvarez del Real.
260 ## - PUBLICACIÓN, DISTRIBUCIÓN, ETC.
Lugar de publicación, distribución, etc. Cali, Col. :
Nombre del editor, distribuidor, etc. América,
Fecha de publicación, distribución, etc. [198-].
300 ## - DESCRIPCIÓN FÍSICA
Extensión 256 p. :
Otras características físicas il.
650 #2 - ASIENTO SECUNDARIO DE MATERIA - TERMINO TEMATICO
Término de materia o nombre geográfico como elemento de entrada Educación
Subdivisión general Participación de los padres
9 (RLIN) 7544
650 #4 - ASIENTO SECUNDARIO DE MATERIA - TERMINO TEMATICO
Término de materia o nombre geográfico como elemento de entrada Aprendizaje
9 (RLIN) 2861
650 #4 - ASIENTO SECUNDARIO DE MATERIA - TERMINO TEMATICO
Término de materia o nombre geográfico como elemento de entrada Métodos de estudio
9 (RLIN) 4280
700 1# - ASIENTO SECUNDARIO--NOMBRE DE PERSONAL
Nombre de persona Alvarez del Real, María Eloísa,
Término indicativo de función/relación dir.
905 ## - TIPO DE MATERIAL
Tipo de material Libro
Holdings
Estado de retiro Estado de pérdida Fuente del sistema de clasificación o colocación Estado dañado No para préstamo Código de colección Localización permanente Ubicación/localización actual Ubicación en estantería Fecha de adquisición Total de préstamos Clasificación Código de barras Fecha visto por última vez Fecha del último préstamo Número de copia Tipo de ítem Koha
    Library of Congress Classification     Colección General Bib. Gregorio Torres Quintero Bib. Gregorio Torres Quintero Planta baja 02/09/2024 23 LB1048.5 C6.5 91583 17/09/2024 02/09/2024 1 Libro